000 00888nam a22002057a 4500
999 _c2102
_d2102
003 AR-CdUCM
008 190304b ||||| |||| 00| 0 spa d
040 _aMUNICIPALIDAD PROVINCIAL DEL CUSCO
_cBIBLIOTECA MUNICIPAL DEL CUSCO
082 _a985.132 /
_bSA18
100 _aSaenz Lizarzaburu, Walter
_97601
245 _aLos origenes de Chiclayo /
260 _aChiclayo :
_bTalleres de Enrique Bracamonte,
_c1988.
300 _a127 páginas ;
_bImagenes
_c21 cm.
505 _aContenido: Chiclayo no es una ciudad pre-hispánica -- Cinto y Collique: poblados indígenas -- Cinto y Colllique según los cronistas -- Reducciones o parcialidades de Cinto y Collique -- Iglesia de la Veronica y calles antiguas de Chiclayo ...
650 _aChiclayo histórico
_97602
650 _aEl río de la Leche
_97603
650 _aFundacion de Chiclayo
_97604
942 _2ddc
_cLIBROS
945 _aafb